Ghana : Economic Development in a Democratic Environment (Record no. 1471)

MARC details
000 -LEADER
fixed length control field 00655nam a2200169Ia 4500
008 - FIXED-LENGTH DATA ELEMENTS--GENERAL INFORMATION
fixed length control field 240428s9999||||xx |||||||||||||| ||und||
020 ## - INTERNATIONAL STANDARD BOOK NUMBER
International Standard Book Number 155775960X
041 ## - LANGUAGE CODE
Language code of text/sound track or separate title eng
082 ## - DEWEY DECIMAL CLASSIFICATION NUMBER
Classification number 338.967L
100 ## - MAIN ENTRY--PERSONAL NAME
Personal name Leite, Sergio Pereira - Pellechio, Anthony - Zanforlin, Luisa - Begashaw, Girma - Fabrizio, Stefania - Harnack, Joachim - international monetary fund
245 #0 - TITLE STATEMENT
Title Ghana : Economic Development in a Democratic Environment
260 ## - PUBLICATION, DISTRIBUTION, ETC.
Name of publisher, distributor, etc. International Monetary Fund
Place of publication, distribution, etc. Washington, D.C.. United State
Date of publication, distribution, etc. 2000
300 ## - PHYSICAL DESCRIPTION
Extent vii, p. 83
650 ## - SUBJECT ADDED ENTRY--TOPICAL TERM
Topical term or geographic name entry element Democracy - Economic development - Economic Conditions - Public Finance
942 ## - ADDED ENTRY ELEMENTS (KOHA)
Koha item type Budget - MMDAs
Holdings
Withdrawn status Lost status Damaged status Not for loan Home library Current library Shelving location Date acquired Total checkouts Full call number Date last seen Copy number Price effective from Koha item type
        Main Library Main Library Open Shelves 25/07/2022   338.967L 1084 C1 29/04/2024 1 29/04/2024 Budget - MMDAs
©2026  Parliament of Ghana Library - All rights reserved